000
00212 a2200109 4500
020
_a
9789583004360
041
_a
spa
100
_a
Rosero Diago, Evelio
245
_a
Ahi estan pintados
942
_c
BK
999
_c
348
_d
348
999
_d
348